| 000 | 01325nam a22003617a 4500 | ||
|---|---|---|---|
| 003 | CHAP | ||
| 005 | 20220329143623.0 | ||
| 008 | 101019s2008 mx r 00010 spa d | ||
| 010 | _a99458 | ||
| 011 | _a100430 | ||
| 035 | _a111116 | ||
| 040 | _cCHAP | ||
| 090 | _aTesis | ||
| 100 | 1 |
_aSalgado Landa, Cajeme _9101589 |
|
| 245 | 1 | 0 |
_aEvaluación del suero de leche y un probiótico comercial en la alimentación de cerdos en etapa de iniciación _c/por Cajeme Salgado Landa |
| 260 |
_aCocula, Gro. : _bEl autor, _c2008 |
||
| 300 |
_aiv, 33 h. : _bilus., cuadros, gráfs. |
||
| 502 | _aTesis (Ing. Agr. Zootecnista) -- CSAEGRO. Centro de Estudios Profesionales | ||
| 590 |
_aALEPH _b10 _c20130110 _lUCH01 _h1536 |
||
| 590 |
_aBATCH-UPD _b10 _c20130110 _lUCH01 _h0946 |
||
| 590 |
_aBATCH-UPD _b10 _c20130410 _lUCH01 _h0601 |
||
| 590 |
_aBATCH-UPD _b10 _c20130914 _lUCH01 _h1523 |
||
| 590 |
_aCONVERSION _b10 _c20130109 _lUCH01 _h1355 |
||
| 650 | 1 | 4 |
_aAlimentos y alimentacion del ganado. _94326 |
| 650 | 1 | 4 |
_aGanado porcino _xAlimentación. _945329 |
| 650 | 1 | 4 |
_aGanado porcino _xGuerrero. _945372 |
| 650 | 1 | 4 |
_aGanado porcino _xRazas. _945402 |
| 650 | 1 | 4 |
_aLeche _xSubproductos. _965410 |
| 650 | 1 | 4 |
_aSuero. _9110585 |
| 901 | _aBK | ||
| 942 | _cTESIS | ||
| 949 |
_aTesis _bBC _cTES _d33724002109199 _eTS1 _gDonaciØn _h51147 _i111116 _sb |
||
| 999 |
_c99458 _d99458 |
||